| 000 | 00724nam a2200193 i 4500 | ||
|---|---|---|---|
| 001 | 73065 | ||
| 003 | ES-MaACL | ||
| 007 | t| | ||
| 008 | 040906s1983 sp ||||1| spa d | ||
| 100 | 1 |
_aGómez Brufal, Juan. _957845 |
|
| 245 | 1 | 0 |
_aEscritores y conferencias / _cJuan Gómez Brufal ; recopilación y notas de Juan Castaño García. |
| 260 |
_aAlicante : _bCaja de Ahorros Provincial de Alicante, _c1983. |
||
| 300 |
_a252 p. ; _c22 cm. |
||
| 490 | 1 |
_aPublicaciones de la Caja de Ahorros de Alicante ; _v103 |
|
| 700 | 1 |
_aCastaño García, Juan. _936437 |
|
| 830 | 0 | 0 |
_aPublicaciones de la Caja de Ahorros Provincial de Alicante _v103 _9186986 |
| 852 |
_aES-MaACL _jL-5498 _bR.105725 |
||
| 999 |
_c73065 _d73065 |
||